000 00791nam a2200253Ia 4500
003 OSt
005 20220925191609.0
006 a|||||r|||| 00| 0
007 ta
008 220923b |||||||| |||| 00| 0 eng d
037 _cGeneral Book
040 _aRTL
_cRTL
_beng
041 _2eng
_aeng
082 _aX:755:(Z,211).2.(Y33).N7, L2
110 _aIndian Economic Conference
_9241612
245 0 _aPapers
_b Ceiling on urban property
260 _aBombay
_bPopular Prakashan India
_c1972
300 _axiv,61p.
_ccm.
490 _aIndian Economic Association, Conference Papers. 1971
650 _aPlanned Economy
700 _aIndian Economic Conference
_9241613
942 _hX:755:(Z,211).2.(Y33).N7, L2
_cGB
_2CC
999 _c519222
_d519222